Myrtle Beach Pelicans - Statistics

General Stats
  • This quiz has been taken 10 times
  • The average score is 6 of 15
Answer Stats
Clue Answer % Correct
How many Carolina League titles have the Pelicans won? 4 (1999,2000,2015,2016)
67%
Who is their current Major League Affiliate? Chicago Cubs
67%
What is their current minor league classification/level? Low A
67%
Who was their first major league affiliate (1999-2010)? Atlanta Braves
50%
What famous attraction is the Pelicans home field across the street from? Broadway at the Beach
50%
What is the name of the mascot? Splash
50%
Who was their major league affiliate from 2011-2014? Texas Rangers
50%
What year did the Pelicans play their first game in Myrtle Beach? 1999
33%
What is the name of the long time manager of the club? Buddy Bailey
33%
Before relocating to Myrtle Beach, what was the teams name/location? Durham Bulls
33%
What is the name of the current "bat dog"? Slider
33%
The Pelicans have retired 3 numbers. Name any person whose number has been retired Bruce Dal Canton, Rocket Wheeler, Rafael Furcal
17%
What World Series winning Chicago Cubs outfielder came through Myrtle Beach? Jason Heyward
17%
What World Series winning Chicago Cubs starting pitcher came through Myrtle Beach? Kyle Hendricks
17%
What is the name of their home ballpark? Ticketreturn.com Field
17%
No matching quizzes found
Score Distribution
Percent of People with Each Score
Percentile by Number Answered
Your Score History
You have not taken this quiz